000
00292nam a22001217a 4500
008
180601b xxu||||| |||| 00| 0 eng d
041
_a
eng
080
_a
043.3
100
_a
0
101
_a
SHKI-BTH
245
_a
Dallimi mes C# dhe Java në procesimin paralel
_c
Statovci,D
942
_2
udc
_c
BK
999
_c
46251
_d
46251